Estudios sobre literatura colonial de Chile.
Spremljeno u:
| Glavni autor: | |
|---|---|
| Daljnji autori: | |
| Format: | Knjiga |
| Jezik: | španjolski |
| Izdano: |
Santiago, Chile:
Fondo Histórico y Bibliográfico José Toribio Medina,
1970.
|
| Teme: | |
| Oznake: |
Dodaj oznaku
Bez oznaka, Budi prvi tko označuje ovaj zapis!
|
MARC
| LEADER | 00000cam a2200000 a 4500 | ||
|---|---|---|---|
| 001 | UCO0654 | ||
| 003 | CL-VaPUC | ||
| 005 | 20230531074350.0 | ||
| 008 | 000428e19700000CL |||||||||||||||||spa|d | ||
| 999 | |c 287302 |d 287300 | ||
| 040 | |c Pontificia Universidad Católica de Valparaíso | ||
| 082 | 0 | 4 | |a Ch860.1 MED 1970 |2 21 |
| 100 | |a Medina, José Toribio, |9 864344 |d 1852-1930 |e autor | ||
| 245 | 1 | 0 | |a Estudios sobre literatura colonial de Chile. |
| 260 | |a Santiago, Chile: |b Fondo Histórico y Bibliográfico José Toribio Medina, |c 1970. | ||
| 300 | |a 2 Tomos. | ||
| 500 | |a c.3 Tomo I: Donación Familia Prof. Alejandro Guzmán Brito. c.3 Tomo II: Donación Familia Prof. Alejandro Guzmán Brito. | ||
| 583 | |a last modification |c 20131223 02:42:19 |k Rodrigo Vera | ||
| 650 | 0 | |a Literatura chilena |x Epoca colonial |9 308278 | |
| 650 | 0 | |a Literatura colonial |2 CL-VaPUC |9 316413 |z Chile | |
| 650 | 0 | |a Historia y crítica |x Literatura chilena |9 257407 | |
| 700 | |a Feliú Cruz, Guillermo |e autor |9 392726 | ||
| 852 | |a BIBCUR | ||
| 942 | |c BK |2 ddc |n 0 | ||
| 945 | |d 20000428 00:00:00 |a crobeson | ||
| 952 | |0 0 |1 0 |2 ddc |4 0 |6 CH_860_100000000000000_MED_1970 |7 0 |8 X |9 334088 |a BIBHIS |b BIBHIS |d 2019-11-20 |h v.2 |i 1271016 |o Ch860.1 MED 1970 |p 1271016 |r 2024-01-30 |t 1 |w 2019-11-20 |y BK_X |k HIS | ||
| 952 | |0 0 |1 0 |2 ddc |4 0 |6 CH_860_100000000000000_MED_1970 |7 0 |8 X |9 334089 |a BIBHIS |b BIBHIS |d 2019-11-20 |h v.1 |i 1271040 |o Ch860.1 MED 1970 |p 1271040 |r 2024-01-30 |t 1 |w 2019-11-20 |y BK_X |k HIS | ||
| 952 | |0 0 |1 0 |2 ddc |3 erb |4 0 |6 CH_860_100000000000000_MED_1970 |7 0 |8 X |9 334090 |a BIBHIS |b BIBHIS |h v.2 |i 5038103 |o Ch860.1 MED 1970 |p 5038103 |r 2024-01-30 |t 2 |w 2019-11-20 |y BK_X |z Catalogado en:20131227 |k HIS | ||
| 952 | |0 0 |1 0 |2 ddc |3 erb |4 0 |6 CH_860_100000000000000_MED_1970 |7 0 |8 X |9 334091 |a BIBHIS |b BIBHIS |h v.1 |i 5038804 |o Ch860.1 MED 1970 |p 5038804 |r 2024-01-30 |t 2 |w 2019-11-20 |y BK_X |z Catalogado en:20140717 |k HIS | ||